Face to face CAT (Common Admission Test): (Record no. 12004)

MARC details
000 -LEADER
fixed length control field 00661nam a22002057a 4500
005 - DATE AND TIME OF LATEST TRANSACTION
control field 20240928053605.0
008 - FIXED-LENGTH DATA ELEMENTS--GENERAL INFORMATION
fixed length control field 240928b |||||||| |||| 00| 0 eng d
020 ## - INTERNATIONAL STANDARD BOOK NUMBER
International Standard Book Number 9789359989129
040 ## - CATALOGING SOURCE
Original cataloging agency IN-DiNC
Transcribing agency IN-DiNC
041 ## - LANGUAGE CODE
Language code of sung or spoken text English
082 ## - DEWEY DECIMAL CLASSIFICATION NUMBER
Classification number 030
Item number SIJ
100 ## - MAIN ENTRY--PERSONAL NAME
Personal name Sijwali, BS
Relator term Author
245 ## - TITLE STATEMENT
Title Face to face CAT (Common Admission Test):
Remainder of title 25 years (chapterwise topicwise) solved papers (1999-2023)/
Statement of responsibility, etc. by BS Sijwali and Indu Sijwali
260 ## - PUBLICATION, DISTRIBUTION, ETC.
Place of publication, distribution, etc. Meerut:
Name of publisher, distributor, etc. Arihant,
Date of publication, distribution, etc. n.a.
650 ## - SUBJECT ADDED ENTRY--TOPICAL TERM
Topical term or geographic name entry element Verbal ability & reading comprehension (VARC)
650 ## - SUBJECT ADDED ENTRY--TOPICAL TERM
Topical term or geographic name entry element Quantitative aptitude
650 ## - SUBJECT ADDED ENTRY--TOPICAL TERM
Topical term or geographic name entry element Arithmetic
700 ## - ADDED ENTRY--PERSONAL NAME
Personal name Sijwali, Indu
Relator term Author
942 ## - ADDED ENTRY ELEMENTS (KOHA)
Source of classification or shelving scheme Dewey Decimal Classification
Koha item type Books
Holdings
Withdrawn status Lost status Source of classification or shelving scheme Damaged status Not for loan Collection code Home library Current library Shelving location Date acquired Cost, normal purchase price Total Checkouts Full call number Barcode Date last seen Copy number Price effective from Koha item type
    Dewey Decimal Classification     General Collection Central Library, Naharkatiya College Central Library, Naharkatiya College General Stacks 28/09/2024 595.00   030 SIJ 30385 28/09/2024 1 28/09/2024 Books

Naharkatiya College © 2020. All rights reserved.

Powered By